000 00978nam a2200289 i 4500
001 70529
003 Mx-PuUPA
005 20230829074647.0
008 230826s2019 mx ad gr 000 0 spa d
020 _a9786075501680
040 _aMx-PuUPA
_bspa
_cMx-PuUPA
_dMx-PuUPA
_erda
041 0 _aspa
100 1 _aCué Mancera, Agustín,
_911787
_eautor
245 1 0 _aMicroeconomía /
_cAgustín Cue Mancera
250 _aPrimera edición
264 1 _aCiudad de México :
_bGrupo Editorial Patria,
_c2019
300 _axiv, 346
_bilustraciones, gráficas, tablas ;
_c27 cm
336 _2rdacontent
_atexto
_btxt
337 _2rdamedia
_asin medio
_bn
338 _2rdacarrier
_avolumen
_bnc
650 7 _2armarc
_aMicroeconomía
942 _2ddc
_cLI
_h338.5
_iC965
999 _c70529
_d70529